[Event "Karpov Trophy XVI 2018"]
[Site "Cap d/^Agde"]
[Date "2018.10.28"]
[Round "3.1"]
[White "Godart, Francois"]
[Black "Gozzoli, Yannick"]
[Result "0-1"]
[WhiteElo "2437"]
[BlackElo "2612"]
[Annotator "TA"]
[PlyCount "52"]
[EventDate "2018.10.17"]
[EventCountry "FRA"]
[SourceTitle "playchess.com"]
[Source "ChessBase"]
[SourceQuality "1"]

{[%evp 9,52,28,42,-10,0,0,0,0,0,0,0,0,0,-10,-10,-13,-8,-6,0,-11,-10,-15,-20,-20,0,-6,-7,-7,-8,-37,-58,-137,-158,-155,-152,-164,-126,-132,-121,-119,-118,-187,-186,-292,-217]} 1. d4 d5 2. Nf3 Bf5 3. c4 e6 4. Nc3 Nf6 5. e3 Bb4 6. Bd3 {D06: Queen's Gambit: Symmetrical and Baltic Defences} (6. Qa4+ $14 Nc6 7. Ne5) (6. Bd2 O-O 7. cxd5 exd5 8. Be2 c6 9. O-O Bd6 10. Nh4 Be6 11. f4 Ne4 12. Nxe4 dxe4 13. g3 f5 14. Rc1 Nd7 15. a3 Nb6 16. Ng2 a5 {0-1 (59) Volkov,S (2266)-Palkovich,D (2145) Sochi 2018}) 6... O-O 7. Bxf5 $146 ({Predecessor:} 7. O-O Bxc3 8. bxc3 Ne4 9. Qc2 c6 10. Ne1 Bg6 11. cxd5 cxd5 12. f3 Nd6 {1-0 (56) Pakenham,J (1760)-Garland,M (1535) Auckland 2010}) 7... exf5 8. cxd5 {The position is equal.} Qxd5 9. O-O Bxc3 10. bxc3 Nbd7 {[%cal Bb8d7,Bd7b6,Bb6c4,Bc4e3,Be3d5,Bd5f4][%mdl 32]} 11. Qb3 b5 12. Ba3 Rfe8 13. Rfc1 Nb6 14. Bc5 Nc4 15. a4 a6 16. axb5 axb5 17. Rxa8 Rxa8 18. Qxb5 Ne4 19. Qb3 Nxe3 20. Qxd5 (20. Qb1 $15 Nxc5 21. fxe3) 20... Nxd5 $17 21. c4 {[#]} Nf4 $1 {[%cal Rf4e2]} 22. Rb1 Nc3 23. Rf1 Nd3 {( -> ...Ne2+)} 24. g3 Ne4 25. Rb1 (25. Be7 $17) 25... h6 $19 ({Don't take} 25... Ndxc5 26. dxc5 g6 27. c6 $17) ({But not} 25... Ndxf2 26. d5 $17) (25... Nexf2 26. Rb7 $15) 26. Ne1 (26. Rb3 {was worth a try.} Ra1+ 27. Kg2 Ndxf2 28. d5) 26... Ndxf2 {Precision: White = 56%, Black = 81%.} ({Weaker is} 26... Nexc5 27. dxc5 Nxc5 28. Rb5 $17) 0-1

[Event "Karpov Trophy XVI 2018"]
[Site "Cap d/^Agde"]
[Date "2018.10.28"]
[Round "3.1"]
[White "Vareille, Francois"]
[Black "Moussard, Jules"]
[Result "0-1"]
[WhiteElo "2432"]
[BlackElo "2579"]
[Annotator "TA"]
[PlyCount "106"]
[EventDate "2018.10.17"]
[EventCountry "FRA"]
[SourceTitle "playchess.com"]
[Source "ChessBase"]
[SourceQuality "1"]

{[%evp 28,106,47,10,17,0,52,27,33,16,38,38,54,37,43,46,43,52,58,57,57,32,32,18,31,9,20,12,33,9,20,6,17,14,17,4,8,0,0,0,0,0,0,0,0,0,0,0,0,0,0,-16,-33,-89,-84,-91,-60,-171,-171,-146,0,0,0,-21,0,0,0,-30,-39,-136,-135,-165,-128,-242,-241,-291,-258,-353,-334,-29995,-29996]} 1. d4 d6 2. g3 g6 3. Bg2 Bg7 4. Nf3 Nf6 5. c4 O-O 6. Nc3 Nc6 7. O-O Bf5 8. d5 Na5 9. Nd2 c5 10. e4 Bd7 11. Rb1 a6 12. b3 {E62: Königsindisch (6...Sc6)} b5 13. Bb2 Rb8 14. Qc2 e6 15. h3 {LiveBook: 3 Partien} Re8 (15... bxc4 16. bxc4 exd5 17. cxd5 Re8 18. Rfe1 Nh5 19. Nd1 Bd4 20. Nf3 Bxb2 21. Rxb2 {1-0 (43) Sjugirov,S (2665)-Chigaev,M (2542) Kolomna 2016}) 16. Kh2 Qc7 (16... bxc4 $11 17. bxc4 exd5 18. Nxd5 Nc6) 17. Ba1 $146 ({Vorgänger:} 17. f4 b4 18. Nd1 exd5 19. cxd5 Bb5 20. Rg1 Qd8 21. Ne3 Nd7 22. Bxg7 Kxg7 23. Rbe1 {1-0 (68) Hayrapetyan,H (2450)-Usmanov,V (2336) St Petersburg 2012}) 17... bxc4 18. bxc4 Rxb1 19. Rxb1 Rb8 20. Nd1 Rxb1 21. Qxb1 Ne8 22. Bxg7 Kxg7 23. f4 e5 24. fxe5 dxe5 25. Qb2 f6 26. Nf2 Nd6 27. Qc3 Nab7 28. Nd3 Kg8 29. h4 Nf7 30. Qa3 a5 31. Nb3 {[%cal Rb3c5]} Nfd6 32. Nbxc5 Nxc4 33. Qc1 Ncd6 34. Nxd7 Qxd7 35. Bh3 Qe7 36. Bg2 Qd7 37. Bh3 Qe7 38. Bg2 Kg7 39. Qb2 Qc7 40. Nxe5 (40. g4 $15) 40... fxe5 $17 41. Qxe5+ Kg8 42. Bh3 ({Lieber} 42. Qf4 $1 $15) 42... Nc5 $19 43. h5 {[#]} gxh5 ({Besser ist} 43... Qd8 $1 $17 44. h6 Qf8) 44. Qg5+ $11 Kf8 (44... Qg7 $5 45. Qd8+ $8 Qf8 46. Qg5+ Qg7 47. Qd8+ Qf8 48. Qg5+ Qg7 $11) 45. Qh6+ Kg8 46. Qg5+ $1 Kf8 (46... Qg7 $5 47. Qd8+ $8 Qf8 48. Qg5+ Qg7 49. Qd8+ Qf8 50. Qg5+ Qg7 $11) 47. Qh6+ Ke8 48. Qxh5+ (48. e5 $1 $15 Nde4 49. d6) 48... Nf7 $17 49. Qxh7 Qe5 50. Qf5 (50. Bg2 $17) 50... Nxe4 $19 51. Qg6 Ke7 52. Bg2 Nf6 53. Qc2 $2 {[#]} (53. a3 $19) 53... Ng4+ {Precision: Weiß = 21%, Schwarz = 73%.} 0-1

[Event "Karpov Trophy XVI 2018"]
[Site "Cap d/^Agde"]
[Date "2018.10.28"]
[Round "3.1"]
[White "Guehtar, Sofiane"]
[Black "Berthelot, Yannick"]
[Result "1/2-1/2"]
[WhiteElo "2064"]
[BlackElo "2236"]
[Annotator "NA"]
[PlyCount "106"]
[EventDate "2018.10.17"]
[EventCountry "FRA"]
[SourceTitle "playchess.com"]
[Source "ChessBase"]
[SourceQuality "1"]
[TimeControl "5400+30"]

1. e4 {[%emt 0:00:00]} g6 {[%emt 0:02:44]} 2. d4 Bg7 {[%emt 0:00:03]} 3. Nc3 {[%emt 0:00:00]} d6 {[%emt 0:00:06]} 4. g3 {[%emt 0:00:00]} Nd7 {[%emt 0:02:36]} 5. Nge2 {[%emt 0:00:18]} e5 {[%emt 0:00:50]} 6. Bg2 {[%emt 0:00:17]} Ngf6 {[%emt 0:02:22]} 7. h3 {[%emt 0:00:45]} O-O {[%emt 0:01:57]} 8. O-O {[%emt 0:00:35]} Re8 {[%emt 0:02:53]} 9. Re1 {[%emt 0:02:13]} exd4 {[%emt 0:08:24]} 10. Nxd4 {[%emt 0:00:05]} Nc5 {[%emt 0:01:22]} 11. f4 {[%emt 0:09:36]} Nh5 {[%emt 0:07:02]} 12. g4 {[%emt 0:13:36]} Nf6 {[%emt 0:11:09]} 13. b4 {[%emt 0:17:30]} Ne6 {[%emt 0:13:20]} 14. Be3 {[%emt 0:07:35]} Nxd4 {[%emt 0:07:15]} 15. Bxd4 {[%emt 0:00:08]} c5 {[%emt 0:00:50]} 16. bxc5 {[%emt 0:06:00]} dxc5 {[%emt 0:00:06]} 17. Bxc5 {[%emt 0:07:03]} Qc7 {[%emt 0:15:02]} 18. Qd6 {[%emt 0:00:41]} Qxd6 {[%emt 0:00:43]} 19. Bxd6 {[%emt 0:00:07]} Nxg4 {[%emt 0:03:27]} 20. e5 {[%emt 0:00:55]} Nh6 {[%emt 0:04:11]} 21. Nd5 {[%emt 0:00:33]} Rd8 {[%emt 0:00:32]} 22. Nc7 {[%emt 0:12:56]} Rb8 {[%emt 0:01:07]} 23. Ne8 {[%emt 0:00:38]} Ra8 {[%emt 0:03:59]} 24. Nxg7 {[%emt 0:00:10]} Kxg7 {[%emt 0:00:06]} 25. Be7 {[%emt 0:00:05]} Re8 {[%emt 0:01:18]} 26. Bf6+ {[%emt 0:00:07]} Kg8 {[%emt 0:00:09]} 27. c4 {[%emt 0:01:19]} Rb8 {[%emt 0:02:54]} 28. c5 {[%emt 0:00:21]} Bd7 {[%emt 0:00:32]} 29. Red1 {[%emt 0:01:51]} Bc6 {[%emt 0:00:51]} 30. Bxc6 {[%emt 0:02:08]} bxc6 {[%emt 0:00:05]} 31. Rab1 {[%emt 0:00:15]} Nf5 {[%emt 0:01:17]} 32. Rxb8 {[%emt 0:00:45]} Rxb8 {[%emt 0:00:05]} 33. Rd7 {[%emt 0:00:17]} a6 {[%emt 0:00:35]} 34. Rc7 {[%emt 0:00:14]} Nd4 {[%emt 0:01:34]} 35. Kf2 {[%emt 0:01:39]} Ne6 {[%emt 0:00:51]} 36. Rxc6 {[%emt 0:00:26]} Nxf4 {[%emt 0:00:03]} 37. Rb6 {[%emt 0:00:24]} Rc8 {[%emt 0:02:56]} 38. c6 {[%emt 0:02:30]} Nd5 {[%emt 0:00:43]} 39. Rb7 {[%emt 0:01:18]} h6 {[%emt 0:00:35]} 40. c7 {[%emt 0:06:45]} Nxc7 {[%emt 0:01:35]} 41. Ra7 {[%emt 0:00:21]} Nd5 {[%emt 0:01:08]} 42. Rxa6 {[%emt 0:00:03]} Nxf6 {[%emt 0:00:35]} 43. exf6 {[%emt 0:00:04]} Kh7 {[%emt 0:00:29]} 44. Ra7 {[%emt 0:01:19]} Kg8 {[%emt 0:00:06]} 45. Ra6 {[%emt 0:00:59]} Kh7 {[%emt 0:00:06]} 46. h4 {[%emt 0:01:20]} h5 {[%emt 0:01:46]} 47. Rd6 {[%emt 0:02:21]} Ra8 {[%emt 0:00:24]} 48. a3 {[%emt 0:02:30]} Rxa3 {[%emt 0:00:06]} 49. Rd7 {[%emt 0:00:10]} Kg8 {[%emt 0:00:09]} 50. Rd8+ {[%emt 0:00:03]} Kh7 {[%emt 0:00:05]} 51. Rd7 {[%emt 0:00:07]} Ra2+ {[%emt 0:01:05]} 52. Kf3 {[%emt 0:01:17]} Ra3+ {[%emt 0:01:05]} 53. Kg2 {[%emt 0:00:22]} Kg8 {[%emt 0:00:21]} 1/2-1/2

[Event "Karpov Trophy XVI 2018"]
[Site "Cap d/^Agde"]
[Date "2018.10.28"]
[Round "3.1"]
[White "Jehan, Julien"]
[Black "Liegeois, Valentin"]
[Result "1-0"]
[WhiteElo "1991"]
[BlackElo "1810"]
[Annotator "NA"]
[PlyCount "75"]
[EventDate "2018.10.17"]
[EventCountry "FRA"]
[SourceTitle "playchess.com"]
[Source "ChessBase"]
[SourceQuality "1"]
[TimeControl "5400+30"]

1. d4 {[%emt 0:00:00]} Nf6 {[%emt 0:00:00]} 2. Nf3 {[%emt 0:00:00]} g6 {[%emt 0:00:00]} 3. Nc3 {[%emt 0:00:06]} Bg7 {[%emt 0:00:00]} 4. e4 {[%emt 0:00:20]} d6 {[%emt 0:00:26]} 5. Be3 {[%emt 0:00:49]} c6 {[%emt 0:07:56]} 6. h3 {[%emt 0:02:26]} b5 {[%emt 0:03:10]} 7. Bd3 {[%emt 0:00:42]} Qa5 {[%emt 0:04:28]} 8. O-O {[%emt 0:01:57]} O-O {[%emt 0:00:48]} 9. Qd2 {[%emt 0:03:08]} Bb7 {[%emt 0:02:57]} 10. Rfe1 {[%emt 0:04:19]} Nbd7 {[%emt 0:02:06]} 11. e5 {[%emt 0:05:13]} Ne8 {[%emt 0:03:11]} 12. Bg5 {[%emt 0:09:04]} f6 {[%emt 0:02:40]} 13. exf6 {[%emt 0:03:28]} exf6 {[%emt 0:01:26]} 14. Bf4 {[%emt 0:01:55]} Qb6 {[%emt 0:07:15]} 15. a4 {[%emt 0:09:42]} a6 {[%emt 0:03:33]} 16. Re7 {[%emt 0:03:48]} Qd8 {[%emt 0:05:29]} 17. Rae1 {[%emt 0:01:51]} b4 {[%emt 0:10:26]} 18. Nd1 {[%emt 0:02:44]} a5 {[%emt 0:06:23]} 19. Bh6 {[%emt 0:02:26]} Rb8 {[%emt 0:06:31]} 20. Bxg7 {[%emt 0:03:29]} Nxg7 {[%emt 0:00:20]} 21. Qh6 {[%emt 0:00:52]} Rf7 {[%emt 0:00:58]} 22. Rxf7 {[%emt 0:03:10]} Kxf7 {[%emt 0:00:04]} 23. Qxh7 {[%emt 0:01:00]} Nf8 {[%emt 0:00:13]} 24. Qh6 {[%emt 0:01:24]} Bc8 {[%emt 0:04:27]} 25. Nh4 {[%emt 0:04:52]} g5 {[%emt 0:01:10]} 26. Ng6 {[%emt 0:03:08]} Nf5 {[%emt 0:12:26]} 27. Bxf5 {[%emt 0:05:48]} Bxf5 {[%emt 0:01:25]} 28. Re7+ {[%emt 0:01:46]} Qxe7 {[%emt 0:00:45]} 29. Nxe7 {[%emt 0:00:13]} Kxe7 {[%emt 0:00:09]} 30. Qg7+ {[%emt 0:01:27]} Ke6 {[%emt 0:03:12]} 31. Qc7 {[%emt 0:00:36]} Nd7 {[%emt 0:04:20]} 32. Ne3 {[%emt 0:00:36]} Be4 {[%emt 0:00:45]} 33. Nc4 {[%emt 0:01:21]} Ke7 {[%emt 0:02:02]} 34. Qxd6+ {[%emt 0:01:25]} Kd8 {[%emt 0:00:31]} 35. Nxa5 {[%emt 0:01:19]} Rb6 {[%emt 0:00:52]} 36. Nc4 {[%emt 0:02:02]} Ra6 {[%emt 0:00:21]} 37. a5 {[%emt 0:01:56]} Bxc2 {[%emt 0:02:16]} 38. Nb6 {[%emt 0:02:53]} 1-0

[Event "Karpov Trophy XVI 2018"]
[Site "Cap d/^Agde"]
[Date "2018.10.29"]
[Round "4"]
[White "Kravtsiv, Martyn"]
[Black "Kosten, Anthony C."]
[Result "1-0"]
[WhiteElo "2654"]
[BlackElo "2437"]
[Annotator "TA"]
[PlyCount "39"]
[EventDate "2018.10.27"]
[EventCountry "FRA"]
[SourceTitle "playchess.com"]
[Source "ChessBase"]
[SourceQuality "1"]

{[%evp 15,39,19,34,-22,32,12,21,24,26,30,25,0,0,-12,103,98,893,883,985,988,985,981,963,963,29998,29999]} 1. d4 {[%cal Bd2d4,Bd4d5][%mdl 32]} Nf6 2. c4 e6 3. Nc3 Bb4 4. f3 c5 5. d5 O-O 6. e4 d6 7. Nge2 a6 {E20: Nimzo-Indian: 4 g3 and 4 f3} (7... b5 8. Ng3 exd5 9. cxd5 a6 10. a4 Ba5 11. Be2 Nbd7 12. O-O c4 13. Kh1 Rb8 14. axb5 axb5 15. Nf5 Nc5 16. Rxa5 Qxa5 {1-0 (37) Mamedyarov,S (2772)-Li,R (2577) chess.com INT 2017}) 8. Ng3 b5 {LiveBook: 14 Games} 9. Kf2 (9. Bf4 $14) 9... exd5 $146 (9... Ba5 $11) ({Predecessor:} 9... Ba5 10. cxb5 Bb7 11. Bc4 Bxc3 12. bxc3 {1-0 (12) Helmer,J (2021)-Mityaev,S (1764) LSS email 2012}) 10. Nxd5 $14 Nxd5 11. Qxd5 Ra7 12. Bg5 Qb6 13. Rd1 Nc6 14. Nf5 bxc4 {[#]} (14... Bxf5 $11 15. Qxf5 Ne5) 15. Nxg7 $1 $16 ({Much worse is} 15. Nxd6 Be6 $11) ({Of course not} 15. Bxc4 Bxf5 16. exf5 (16. Qxf5 Ne5 $11) 16... Na5 $14) 15... Kxg7 $2 {[%mdl 8192]} (15... Ne7 $16 16. Bxe7 (16. Qxd6 Qxd6 17. Rxd6 Kxg7 $16) 16... Rxe7) 16. Qxd6 $18 {Bh6+ would kill now.} Be6 {[#]} 17. Bh6+ $1 {[%mdl 512]} Kxh6 18. Qxf8+ Kg6 {[#]} 19. f4 $1 {White threatens Qg8+ and mate.} Nd4 20. Qg8+ {Precision: White = 80%, Black = 14%.} 1-0

[Event "Karpov Trophy XVI 2018"]
[Site "Cap d/^Agde"]
[Date "2018.10.29"]
[Round "4"]
[White "Gozzoli, Yannick"]
[Black "Shchekachev, Andrei"]
[Result "1/2-1/2"]
[WhiteElo "2612"]
[BlackElo "2517"]
[Annotator "TA"]
[PlyCount "47"]
[EventDate "2018.10.27"]
[EventCountry "FRA"]
[SourceTitle "playchess.com"]
[Source "ChessBase"]
[SourceQuality "1"]

{[%evp 21,47,0,0,0,14,4,18,10,16,0,20,16,19,0,9,0,8,11,14,8,10,0,0,0,0,0,0,0]} 1. d4 Nf6 2. c4 e6 3. Nf3 b6 4. a3 Bb7 5. Nc3 d5 6. cxd5 Nxd5 7. Bd2 Be7 8. Qc2 c5 {E12: Queen's Indian: Unusual White 4th moves, 4 a3, 4 Nc3 Bb7 5 a3 and 4 Nc3 Bb7} 9. dxc5 bxc5 (9... O-O 10. Rd1 bxc5 11. e4 Nxc3 12. Bxc3 Qb6 13. Ne5 Rd8 14. Rxd8+ Qxd8 15. Bb5 a6 {0-1 (56) Adhiban,B (2653)-Eljanov,P (2755) Wijk aan Zee 2017 CBM 177 [Adhiban,B]}) 10. e4 Nxc3 11. Bxc3 O-O $1 {LiveBook: 64 Games. The position is equal.} 12. Bc4 Nc6 13. O-O Qc7 14. Rfd1 Rfd8 $146 ({Predecessor:} 14... Rad8 15. e5 Rxd1+ 16. Rxd1 Rd8 17. Rxd8+ Qxd8 18. Qd3 Qxd3 19. Bxd3 {½-½ (27) Silva,F-Hall,G IECC email 1996}) 15. Qe2 Rxd1+ 16. Rxd1 Rd8 17. g3 h6 18. Rd2 Rxd2 19. Qxd2 Bf8 20. h4 Bd6 21. Kh2 Ne5 22. Nxe5 Bxe5 23. Bxe5 Qxe5 24. f3 {Precision: White =  8%, Black = 28%.} 1/2-1/2

[Event "Karpov Trophy XVI 2018"]
[Site "Cap d/^Agde"]
[Date "2018.10.29"]
[Round "4"]
[White "Moussard, Jules"]
[Black "Strikovic, Aleksa"]
[Result "1-0"]
[WhiteElo "2579"]
[BlackElo "2490"]
[Annotator "TA"]
[PlyCount "47"]
[EventDate "2018.10.27"]
[EventCountry "FRA"]
[SourceTitle "playchess.com"]
[Source "ChessBase"]
[SourceQuality "1"]

{[%evp 23,47,0,0,0,0,0,16,16,141,80,109,86,86,85,210,147,167,174,325,304,420,400,639,635,635,628]} 1. Nf3 c5 2. e4 Nc6 3. Nc3 e5 4. Bc4 d6 5. d3 Be7 6. O-O Nf6 7. Ng5 O-O 8. f4 h6 9. Nf3 exf4 10. Bxf4 Be6 11. Nd5 Bxd5 {B30: Sicilian: 2...Nc6 3 Bb5, lines without ...g6} (11... a6 12. a3 b5 13. Ba2 Re8 14. c3 Rc8 15. Bg3 Ne5 16. Bxe5 dxe5 17. Nxe5 c4 18. Nxf6+ Bxf6 19. Ng4 Bxg4 20. Qxg4 h5 21. Qf3 Qxd3 22. Qxd3 cxd3 {½-½ (51) Vachier Lagrave,M (2813)-Zhigalko,S (2652) Baku 2016}) 12. exd5 Na5 {LiveBook: 24 Games} 13. Qd2 Nxc4 {The position is equal.} 14. dxc4 Ne4 15. Qd3 Ng5 $146 {[#]} (15... f5 $11 {remains equal.}) ({Predecessor:} 15... f5 16. Nd2 Nxd2 17. Bxd2 Bf6 18. c3 Be5 19. Rxf5 Rxf5 20. Qxf5 {½-½ (55) Timofeev,A (2575)-Grebionkin,V (2469) playchess.com INT 2003}) 16. Nd2 ({White should play} 16. Nh4 $1) 16... Nh7 17. Rae1 Bh4 18. Re2 {And now Ne4 would win.} Qb6 (18... Bg5 $16) 19. b3 Rad8 {[#]} 20. Ne4 $1 {[%cal Bd2e4,Be4g3,Bg3f5][%mdl 32]} Be7 $2 (20... Bg5 21. Nxg5 hxg5) 21. Ng3 Rd7 22. Nf5 Qd8 (22... Bf6 $142 23. Qg3 Kh8 24. Bxd6 Rg8) 23. Rxe7 $18 Rxe7 24. Qg3 {Precision: White = 70%, Black = 13%.} 1-0

[Event "Karpov Trophy XVI 2018"]
[Site "Cap d/^Agde"]
[Date "2018.10.29"]
[Round "4"]
[White "Vaisser, Anatoli"]
[Black "Fedorchuk, Sergey A."]
[Result "1/2-1/2"]
[WhiteElo "2504"]
[BlackElo "2607"]
[Annotator "TA"]
[PlyCount "158"]
[EventDate "2018.10.27"]
[EventCountry "FRA"]
[SourceTitle "playchess.com"]
[Source "ChessBase"]
[SourceQuality "1"]

{[%evp 15,157,38,41,-50,-51,-52,-52,-52,-49,-54,-54,-175,-191,-260,-252,-260,-257,-255,-251,-254,-250,-250,-260,-247,-129,-135,-116,-114,-91,-145,-132,-246,-87,-87,-88,-88,-84,-91,-81,-177,-177,-211,-218,-250,-250,-281,-281,-258,-250,-250,-250,-258,-221,-262,-275,-422,-404,-430,-139,-145,-145,-140,-137,-181,-181,-181,-181,-181,-181,-181,0,-181,-101,-101,-101,-219,-215,-159,-156,-162,-81,-257,-215,-487,-227,-292,-215,-282,-38,-38,-38,-38,-38,-38,-38,-38,-38,-38,-38,-38,-7,-38,-38,-38,0,-38,-38,-38,-11,-11,-11,-11,-11,-11,-11,-11,-11,-11,-11,-11,-11,-11,0,0,0,0,0,0,0,0,0,0,0,0,0,0,0,0,0,0,0,0,0,0]} 1. d4 Nf6 2. c4 e6 3. Nc3 Bb4 4. e3 b6 5. Nge2 Ba6 6. Ng3 O-O 7. e4 c5 {E45: Nimzo-Indian: Rubinstein: 4...b6 5 Ne2 Ba6} 8. d5 Re8 {LiveBook: 9 Games} (8... exd5 9. cxd5 Bxf1 10. Kxf1 d6 11. Bf4 Bxc3 12. bxc3 b5 13. f3 Ne8 14. Rb1 Qa5 15. Qb3 {1-0 (36) Leitao,R (2619)-Rodriguez Vila,A (2477) Foz do Iguacu 2018}) 9. d6 (9. f3 $14) 9... Nc6 $146 {Black is slightly better.} ({Predecessor:} 9... Bb7 10. Bd3 Nc6 11. O-O Bxc3 12. bxc3 Ne5 13. Bc2 Nxc4 14. Re1 Ne5 {0-1 (44) Leenhouts,K (2400)-Janssen,R (2464) Maastricht 2015}) 10. Bd2 Bxc3 11. Bxc3 {aiming for e5.} e5 {[%cal Be6e5,Be5f4][%mdl 32]} 12. Bd3 Re6 13. f4 (13. Nf5 $15) 13... exf4 $19 14. Nf5 (14. Nh5 {was necessary.}) 14... Nxe4 15. Bxe4 Rxe4+ 16. Kf2 g6 ({Much less strong is} 16... Rxc4 17. Re1 $17) 17. Ne7+ Nxe7 18. Bf6 Qe8 $1 ({Weaker is} 18... Rxc4 19. dxe7 Qc7 20. Re1 $17) 19. Bxe7 Rxe7 (19... Rd4 $19 20. Qf3 Qc8) 20. dxe7 $17 Qxe7 21. Re1 Qf6 22. Qd5 (22. b3 $142) 22... Qxb2+ 23. Re2 (23. Kg1 $17 Rf8 24. Kh1) 23... Qd4+ $2 (23... Qxa1 $19 24. Qxa8+ Kg7) 24. Qxd4 cxd4 {[%mdl 4096] Endgame KRR-KRB} 25. Rd2 Bxc4 {Strongly threatening ...d3.} 26. Rxd4 Be6 27. Rc1 (27. Rxf4 $17 {is a better defense.} Rc8 28. Ra4) 27... Bxa2 $19 28. Rxd7 a5 $1 {[%cal Ba7a5,Ba5a4,Ba4a3,Ba3a2][%mdl 32]} 29. Rb7 a4 30. Rxb6 a3 31. Rb4 Bd5 32. Rd4 Ra5 33. Ra1 a2 34. Rxf4 {[#]} Rb5 $1 {[%cal Rb5b1]} 35. Kg1 (35. Ra4 $142) 35... Kf8 36. Rf2 Ra5 $2 (36... Rb1+ $19 {and Black stays clearly on top.} 37. Rf1 Rb5) 37. Rd2 Be6 38. Kf2 h5 39. h4 Ke7 40. g3 Ra4 41. Kg2 Kf6 42. Rf1+ Ke7 43. Ra1 $1 f5 ({Black should try} 43... Ra3 $19 44. Kf2 Kf6) 44. Kf3 $17 Kf6 45. Ke3 (45. Rd8 $17) 45... Ke5 $19 46. Rb2 Ra3+ 47. Kf2 Bd5 ({Black should play} 47... Kd4 $19 48. Rb6 Bc4 49. Rxg6 Kc3) 48. Re2+ $2 (48. Rb5 $17 {was the only chance.}) 48... Kd6 49. Re3 $2 (49. Rd2 {was forced.}) 49... Ra4 (49... Rxe3 $142 50. Kxe3 Kc5) 50. Rc3 Ke5 51. Rd3 {[#]} Bc4 $2 (51... f4 $1 $19 {White must now prevent ...Bf7.} 52. gxf4+ Rxf4+ 53. Ke3 Ra4) 52. Re1+ $15 Kf6 53. Rd6+ Kg7 54. Rd4 Rb4 55. Re7+ $1 Kf6 {( -> ...Rb2+)} 56. Ra7 {Black should prevent Rxa2!} Rb2+ 57. Ke3 Be6 58. Rd2 Rb3+ (58... Rb6 {keeps more tension.} 59. Kf3 Rb1 60. Rdxa2 Bxa2 61. Rxa2 Rb3+) 59. Kf2 Rb4 (59... Rb6 {looks sharper.} 60. Rdxa2 Bxa2 61. Rxa2 Rc6 62. Ra5 Re6) 60. Rdxa2 Bxa2 61. Rxa2 $11 {KR-KR} f4 62. Kf3 {The position is equal.} fxg3 63. Ra6+ Kg7 64. Kxg3 Rb3+ 65. Kg2 Kf7 66. Rc6 Re3 67. Kf2 Re4 68. Kg3 Re6 (68... Rg4+ {looks sharper.} 69. Kh3 Ke7 70. Ra6 Kf8 71. Ra7 Rd4) 69. Rxe6 Kxe6 {KPP-KP} 70. Kf4 Kf6 71. Ke4 Ke6 72. Kf4 Kf6 73. Ke4 g5 74. hxg5+ Kxg5 {...Kg4 is the strong threat. KP-K} 75. Kf3 (75. Kd3 {is interesting.} Kh6 76. Ke3 Kg5 77. Kd2 Kh6 78. Ke1) 75... h4 {[%cal Bh5h4,Bh4h3,Bh3h2][%mdl 32]} 76. Kg2 Kg4 77. Kh2 $2 {[%mdl 8192]} (77. Kf1) 77... h3 78. Kg1 Kg3 79. Kh1 h2 {Precision: White = 46%, Black = 57%.} 1/2-1/2

[Event "Karpov Trophy XVI 2018"]
[Site "Cap d/^Agde"]
[Date "2018.10.29"]
[Round "4"]
[White "Flom, Gabriel"]
[Black "Malakhatko, Vadim"]
[Result "1/2-1/2"]
[WhiteElo "2485"]
[BlackElo "2552"]
[Annotator "TA"]
[PlyCount "94"]
[EventDate "2018.10.27"]
[EventCountry "FRA"]
[SourceTitle "playchess.com"]
[Source "ChessBase"]
[SourceQuality "1"]

{[%evp 23,94,26,28,11,38,37,42,24,47,45,52,41,27,37,31,54,48,0,124,110,110,0,0,0,11,4,14,1,32,28,26,34,30,-30,-26,-51,-60,-62,-62,-68,-60,-49,0,0,0,-9,-9,-23,-16,-43,-9,-10,-11,-6,-10,-11,-11,-12,-11,-17,-12,-12,-8,-8,0,-11,-11,-11,-11,-11,-11,-11,-11]} 1. d4 d5 2. c4 dxc4 3. e4 Nf6 4. e5 Nd5 5. Bxc4 Nb6 6. Bd3 Nc6 7. Ne2 Bg4 8. f3 Be6 9. Nbc3 Qd7 10. Ne4 {D20: Angenommenes Damengambit} (10. a4 Bc4 11. Bxc4 Nxc4 12. b3 Nb6 13. e6 fxe6 14. Ne4 e5 15. a5 Nd5 16. dxe5 e6 17. O-O Nxe5 {1-0 (37) Korobov,A (2685)-Predke,A (2612) Biograd 2018}) 10... Bd5 11. Nc5 Qc8 12. Be3 e6 {LiveBook: 10 Partien} 13. Rc1 Bxc5 $146 ({Vorgänger:} 13... Nb4 14. a3 Nxd3+ 15. Qxd3 Be7 16. O-O O-O 17. Ng3 Nd7 18. Nce4 Qd8 19. Nh5 f6 20. exf6 Bxf6 21. Bf4 Rc8 22. Nhxf6+ Nxf6 23. Be5 Nd7 {½-½ (23) Iljushina,O (2269)-Matveeva,S (2422) Moscow 2009}) 14. Rxc5 Qd7 15. a3 f6 $1 16. exf6 gxf6 17. O-O O-O-O 18. b4 e5 19. Qc2 {Und weiter mit b5 wäre nett.} Kb8 20. Rc1 {Droht stark b5.} Qd6 (20... Rhg8 $11) 21. Bf2 $16 h5 22. Bb5 ({Besser ist} 22. b5 $16 Na5 23. Ng3 (23. Rxc7 Nb3 $15)) 22... Rhg8 $11 {zielt auf ...Lxf3 ab.} 23. Bxc6 Bxc6 24. dxe5 fxe5 25. Ng3 a6 26. Nf5 Qe6 27. Bg3 Nd7 28. Rxc6 (28. Rc3 $142) 28... bxc6 29. Qxc6 Qxc6 30. Rxc6 Kb7 31. Rc2 Rde8 32. Ne3 Nb6 33. Rc5 Rg6 34. Bxe5 Rc6 35. Rxc6 (35. Bd4 {keeps more tension.} Rxc5 36. Bxc5 Kc6 37. Kf2 Nd5 38. Nxd5 Kxd5 39. Be3) 35... Kxc6 {[%mdl 4096] Endspiel KTS-KLS} 36. Bd4 Nd5 (36... Rd8 {is interesting.} 37. Nf5 Nc4 38. g4 Kd5 39. Kg2 hxg4 40. fxg4 Ne5) 37. Kf2 {Die Stellung ist ausgeglichen.} Nxe3 38. Bxe3 {KT-KL} Kd5 39. h4 Rf8 40. Ke2 Ke5 41. Kd3 Rg8 42. Bg5 Kf5 43. a4 Rg6 44. b5 axb5 45. axb5 Rb6 46. Kc4 c6 47. bxc6 Rxc6+ {Precision: Weiß = 54%, Schwarz = 72%.} 1/2-1/2